000 00799nam a2200265Ia 4500
003 OSt
005 20221006142916.0
006 a|||||r|||| 00| 0
007 ta
008 221006b |||||||| |||| 00| 0 eng d
020 _cP35.00
024 _a7,500
037 _cTextual
040 _aEASL
_cEASL
_beng
041 _2eng
_aeng
082 _aV42:1946.N92, N3
100 _aSUGIHARA Kaoru Ed.
_9286197
245 0 _aJapan in ithe contemporary Middle East
260 _aLondon
_bRoutledge
_c1993
300 _a191p.
_ccm.
490 _v JEL
_aRoutledge/SOAS Series on Contemporary Politics and Culture in the Middle East
700 _a ALLAN J A Ed.
_994940
942 _hV42:1946.N92, N3
_cTEXL
_2CC
999 _c1075586
_d1075586